M JAK MIŁOŚĆ | QUIZ ZE ZNAJOMOŚCI POSTACI - Statystyki

Ogólne statystyki
  • Ten quiz został rozwiązany 120 razy
  • Średni wynik to 20 z 70
Statystyki odpowiedzi
Obrazkowy Odpowiedź % Poprawnych
Barbara Mostowiak
95%
Lucjan Mostowiak
94%
Marek Mostowiak
94%
Hanka Mostowiak
85%
Paweł Zduński
78%
Kinga Zduńska
77%
Piotr Zduński
77%
Marcin Chodakowski
72%
Artur Rogowski
69%
Natalia Mostowiak
67%
Mateusz Mostowiak
64%
Andrzej Budzyński
59%
Tomasz Chodakowski
58%
Maria Rogowska
56%
Aleksander Chodakowski
51%
Szymek Chodakowski
50%
Adam Werner
45%
Ula Mostowiak
45%
Basia Zduńska
42%
Małgorzata Chodakowska
42%
Marta Wojciechowska
40%
Mikołaj Zduński
40%
Krzysztof Zduński
38%
Magda Marszałek
38%
Zofia Kisiel
38%
Franciszka Zduńska
37%
Aneta Chodakowska
36%
Aleksandra Chodakowska
35%
Ewa Mostowiak
35%
Iza Chodakowska
35%
Michał Łagoda
32%
Joanna Chodakowska
26%
Wojtuś Chodakowski
23%
Łukasz Mostowiak
22%
Norbert Wojciechowski
22%
Waldemar Jaroszy
22%
Stefan Muller
19%
Krystyna Filarska
18%
Agnieszka Olszewska
17%
Artur Skalski
17%
Robert Żak
14%
Kamil Gryc
13%
Włodek Kisiel
13%
Jerzy Argasiński
12%
Andrzej Lisiecki
10%
Jacek Milecki
10%
Grzegorz Chodakowski
9%
Henryk Wojciechowski
8%
Kuba Ziober
6%
Marzenka Lisiecka
6%
Mirka Kwiatkowska
6%
Kasia Stawska
4%
Marian Kalisiak
4%
Robert Bilski
4%
Staszek Popławski
4%
Grażyna Raczyńska
3%
Janina Nowicka
3%
Jan Zawadzki
3%
Kasia Wójcik
3%
Sonia Krawczyk
3%
Anna Gruszyńska
1%
Konrad Badecki
1%
Monika Ochman
1%
Eryka Bufford
0%
Jerzy Górecki
0%
Leszek Krajewski
0%
Mariola Radomska
0%
Radek Małkowski
0%
Teresa Makowska
0%
Zbigniew Flisarski
0%
Nie znaleziono quizów pasujących do podanych kryteriów
Rozkład punktacji
Procent ludzi z każdym wynikiem
Percentyl według liczby udzielonych odpowiedzi
Twoja historia wyników
Nie rozwiązałeś tego quizu